[Event "Estonian Chess Championship 2024"]
[Site "Tallinn, Estonia"]
[Date "????.??.??"]
[Round "20.1"]
[White "Volodin, Aleksandr"]
[Black "Kanep, Meelis"]
[Result "1-0"]
[WhiteTitle "GM"]
[BlackTitle "GM"]
[WhiteFideId "4501950"]
[BlackFideId "4501047"]
[WhiteElo "2466"]
[BlackElo "2377"]

1. d4 {[%clk 00:03:02]} {[%emt 00:00:01]} Nf6 {[%clk 00:03:03]} {[%emt
00:00:02]} 2. c4 {[%clk 00:03:03]} {[%emt 00:00:01]} g6 {[%clk 00:03:03]}
{[%emt 00:00:02]} 3. g3 {[%clk 00:03:01]} {[%emt 00:00:04]} Bg7 {[%clk
00:03:04]} {[%emt 00:00:01]} 4. Bg2 {[%clk 00:03:02]} O-O {[%clk 00:03:04]}
{[%emt 00:00:03]} 5. Nf3 {[%clk 00:03:03]} {[%emt 00:00:02]} d6 {[%clk
00:03:03]} {[%emt 00:00:03]} 6. O-O {[%clk 00:03:04]} {[%emt 00:00:01]} c6
{[%clk 00:03:03]} {[%emt 00:00:02]} 7. Nc3 {[%clk 00:03:05]} {[%emt 00:00:01]}
Qa5 {[%clk 00:03:04]} {[%emt 00:00:02]} 8. e4 {[%clk 00:03:06]} e5 {[%clk
00:03:03]} {[%emt 00:00:03]} 9. h3 {[%clk 00:03:03]} {[%emt 00:00:05]} Nbd7
{[%clk 00:03:03]} {[%emt 00:00:02]} 10. d5 {[%clk 00:02:59]} {[%emt 00:00:06]}
cxd5 {[%clk 00:03:01]} {[%emt 00:00:03]} 11. cxd5 {[%clk 00:02:59]} {[%emt
00:00:03]} b5 {[%clk 00:03:01]} {[%emt 00:00:02]} 12. a3 {[%clk 00:02:30]}
{[%emt 00:00:30]} b4 {[%clk 00:02:58]} {[%emt 00:00:05]} 13. Ne2 {[%clk
00:02:06]} {[%emt 00:00:26]} Nxe4 {[%clk 00:02:44]} {[%emt 00:00:16]} 14. Be3
{[%clk 00:01:49]} {[%emt 00:00:19]} Bb7 {[%clk 00:02:28]} {[%emt 00:00:18]} 15.
Ng5 {[%clk 00:01:06]} {[%emt 00:00:46]} Nxg5 {[%clk 00:02:24]} 16. Bxg5 {[%clk
00:01:07]} Rfe8 {[%clk 00:02:22]} {[%emt 00:00:04]} 17. Bd2 {[%clk 00:01:08]}
e4 {[%clk 00:02:04]} {[%emt 00:00:20]} 18. Bxb4 {[%clk 00:01:10]} Qxd5 {[%clk
00:02:02]} {[%emt 00:00:04]} 19. Qxd5 {[%clk 00:00:28]} {[%emt 00:00:43]} Bxd5
{[%clk 00:02:03]} {[%emt 00:00:02]} 20. Nc3 {[%clk 00:00:25]} {[%emt 00:00:05]}
Bb7 {[%clk 00:01:00]} {[%emt 00:01:04]} 21. Bxd6 {[%clk 00:00:25]} {[%emt
00:00:02]} Nb6 {[%clk 00:01:02]} 22. Bf4 {[%clk 00:00:09]} {[%emt 00:00:17]}
Nc4 {[%clk 00:01:01]} {[%emt 00:00:04]} 23. Rab1 {[%clk 00:00:11]} Rac8 {[%clk
00:00:55]} {[%emt 00:00:07]} 24. Nb5 {[%clk 00:00:11]} {[%emt 00:00:01]} a6
{[%clk 00:00:37]} {[%emt 00:00:20]} 25. Nd6 {[%clk 00:00:10]} {[%emt 00:00:04]}
Nxd6 {[%clk 00:00:37]} {[%emt 00:00:02]} 26. Bxd6 {[%clk 00:00:11]} Rc2 {[%clk
00:00:33]} {[%emt 00:00:06]} 27. b4 {[%clk 00:00:10]} {[%emt 00:00:03]} f5
{[%clk 00:00:28]} {[%emt 00:00:07]} 28. Bc5 {[%clk 00:00:10]} {[%emt 00:00:03]}
Bc6 {[%clk 00:00:25]} {[%emt 00:00:05]} 29. Rfc1 {[%clk 00:00:08]} {[%emt
00:00:04]} Ra2 {[%clk 00:00:21]} {[%emt 00:00:05]} 30. Bf1 {[%clk 00:00:09]}
Bb5 {[%clk 00:00:21]} {[%emt 00:00:03]} 31. Bxb5 {[%clk 00:00:06]} {[%emt
00:00:06]} axb5 {[%clk 00:00:22]} 32. Rd1 {[%clk 00:00:06]} {[%emt 00:00:01]}
Rxa3 {[%clk 00:00:20]} {[%emt 00:00:04]} 33. Rd7 {[%clk 00:00:08]} Rd3 {[%clk
00:00:09]} {[%emt 00:00:13]} 34. Rb7 {[%clk 00:00:08]} {[%emt 00:00:02]} Bd4
{[%clk 00:00:08]} {[%emt 00:00:03]} 35. Bxd4 {[%clk 00:00:08]} {[%emt
00:00:02]} Rxd4 {[%clk 00:00:09]} {[%emt 00:00:01]} 36. Rxb5 {[%clk 00:00:06]}
{[%emt 00:00:04]} e3 {[%clk 00:00:09]} {[%emt 00:00:01]} 37. fxe3 {[%clk
00:00:05]} {[%emt 00:00:04]} Rxe3 {[%clk 00:00:10]} {[%emt 00:00:01]} 38. Kf2
{[%clk 00:00:05]} {[%emt 00:00:01]} Ra3 {[%clk 00:00:06]} {[%emt 00:00:06]} 39.
Rc5 {[%clk 00:00:04]} {[%emt 00:00:04]} Rd2+ {[%clk 00:00:06]} {[%emt
00:00:01]} 40. Ke1 {[%clk 00:00:05]} {[%emt 00:00:02]} Rg2 {[%clk 00:00:06]}
{[%emt 00:00:02]} 41. Rbc1 {[%clk 00:00:05]} {[%emt 00:00:02]} Rgxg3 {[%clk
00:00:05]} {[%emt 00:00:03]} 42. Kf2 {[%clk 00:00:05]} {[%emt 00:00:01]} Raf3+
{[%emt 00:00:01]} 43. Ke2 Re3+ {[%clk 00:00:08]} 44. Kf2 {[%clk 00:00:08]}
Rgf3+ {[%clk 00:00:09]} 45. Kg2 {[%clk 00:00:10]} Rg3+ {[%clk 00:00:10]} {[%emt
00:00:01]} 46. Kf2 {[%clk 00:00:12]} Rxh3 {[%clk 00:00:10]} {[%emt 00:00:02]}
47. Rc7 {[%clk 00:00:12]} {[%emt 00:00:02]} Rb3 {[%clk 00:00:08]} {[%emt
00:00:03]} 48. Rb7 {[%clk 00:00:12]} {[%emt 00:00:03]} Rhc3 {[%clk 00:00:07]}
{[%emt 00:00:03]} 49. Rd1 {[%clk 00:00:12]} {[%emt 00:00:01]} Rc2+ {[%clk
00:00:07]} {[%emt 00:00:02]} 50. Kf1 {[%clk 00:00:12]} {[%emt 00:00:02]} Rf3+
{[%clk 00:00:06]} {[%emt 00:00:04]} 51. Kg1 {[%clk 00:00:14]} Rg3+ {[%clk
00:00:06]} {[%emt 00:00:01]} 52. Kf1 {[%clk 00:00:14]} {[%emt 00:00:01]} Rf3+
{[%clk 00:00:07]} {[%emt 00:00:01]} 53. Kg1 {[%clk 00:00:16]} Rc8 {[%clk
00:00:07]} {[%emt 00:00:02]} 54. Rdd7 {[%clk 00:00:18]} Rh3 {[%clk 00:00:06]}
{[%emt 00:00:03]} 55. Rg7+ {[%clk 00:00:16]} {[%emt 00:00:03]} Kh8 {[%clk
00:00:07]} 56. Kg2 {[%clk 00:00:18]} Rh5 {[%clk 00:00:07]} {[%emt 00:00:03]} 57.
b5 {[%clk 00:00:19]} f4 {[%clk 00:00:06]} {[%emt 00:00:03]} 58. Rgf7 {[%clk
00:00:21]} Rg5+ {[%clk 00:00:04]} {[%emt 00:00:04]} 59. Kf3 {[%clk 00:00:22]}
Rh5 {[%clk 00:00:04]} {[%emt 00:00:02]} 60. Kxf4 {[%clk 00:00:22]} {[%emt
00:00:02]} Rd8 {[%clk 00:00:04]} {[%emt 00:00:02]} 61. b6 {[%clk 00:00:22]}
{[%emt 00:00:02]} Rd4+ {[%clk 00:00:04]} {[%emt 00:00:02]} 62. Ke3 {[%clk
00:00:24]} Rd8 {[%clk 00:00:05]} 63. Rbc7 {[%clk 00:00:25]} {[%emt 00:00:01]}
Re8+ {[%clk 00:00:05]} {[%emt 00:00:02]} 64. Kf3 {[%clk 00:00:26]} Rf5+ {[%clk
00:00:05]} {[%emt 00:00:02]} 65. Kg4 {[%clk 00:00:26]} {[%emt 00:00:02]} Rxf7
{[%clk 00:00:06]} {[%emt 00:00:02]} 66. Rxf7 {[%clk 00:00:27]} Re4+ {[%clk
00:00:06]} {[%emt 00:00:01]} 67. Kg5 {[%clk 00:00:24]} {[%emt 00:00:04]} Rb4
{[%clk 00:00:07]} {[%emt 00:00:02]} 68. b7 {[%clk 00:00:13]} {[%emt 00:00:13]}
Rb5+ {[%clk 00:00:05]} {[%emt 00:00:04]} 69. Kg4 {[%clk 00:00:14]} {[%emt
00:00:01]} Rb4+ {[%clk 00:00:05]} {[%emt 00:00:02]} 70. Kg3 {[%clk 00:00:12]}
{[%emt 00:00:04]} Rb3+ {[%clk 00:00:06]} {[%emt 00:00:02]} 71. Kg4 {[%clk
00:00:13]} {[%emt 00:00:02]} Rb4+ {[%clk 00:00:07]} {[%emt 00:00:01]} 72. Kf3
{[%clk 00:00:11]} {[%emt 00:00:03]} Kg8 {[%clk 00:00:06]} {[%emt 00:00:04]} 73.
Rc7 {[%clk 00:00:12]} {[%emt 00:00:01]} Rb3+ {[%clk 00:00:06]} {[%emt
00:00:01]} 74. Ke4 {[%clk 00:00:13]} Rb4+ {[%clk 00:00:07]} {[%emt 00:00:02]}
75. Kd5 {[%clk 00:00:10]} {[%emt 00:00:04]} Rb5+ {[%clk 00:00:07]} {[%emt
00:00:02]} 76. Kc4 {[%clk 00:00:07]} {[%emt 00:00:03]} Rb1 {[%clk 00:00:07]}
{[%emt 00:00:04]} 77. Rc8+ {[%clk 00:00:06]} {[%emt 00:00:03]} Kg7 {[%clk
00:00:09]} 78. b8=Q {[%clk 00:00:07]} {[%emt 00:00:02]} 1-0

[Event "Open"]
[Site "Tallinn, EE"]
[Date "2024.12.16"]
[Round "3.1"]
[White "Obolonin, Filipp"]
[Black "Narva, Mai"]
[Result "0-1"]
[Board "2"]
[TimeControl "40/5400+30"]
[WhiteFideId "4505549"]
[BlackFideId "4500512"]
[BlackTitle "IM"]
[WhiteElo "2009"]
[BlackElo "2413"]
[WhiteTeam "EST"]
[BlackTeam "EST"]
[WhiteClock "1:04:39"]
[BlackClock "0:23:49"]
[Variant "Standard"]

1. Nf3 {[%clk 1:30:54]}  Nf6 {[%clk 1:30:45]} 2. d4 {[%clk 1:31:18]}  e6 {[%clk 1:31:03]} 3. c4 {[%clk 1:31:44]}  d5 {[%clk 1:31:18]} 4. g3 {[%clk 1:31:36]}  Bb4+ {[%clk 1:31:34]} 5. Bd2 {[%clk 1:31:50]}  Be7 {[%clk 1:31:53]} 6. Bg2 {[%clk 1:31:07]}  O-O {[%clk 1:32:12]} 7. O-O {[%clk 1:31:26]}  c6 {[%clk 1:32:29]} 8. cxd5 {[%clk 1:27:32]}  exd5 {[%clk 1:32:44]} 9. Bg5 {[%clk 1:27:52]}  h6 {[%clk 1:26:38]} 10. Bxf6 {[%clk 1:27:03]}  Bxf6 {[%clk 1:27:02]} 11. Nc3 {[%clk 1:27:27]}  Bf5 {[%clk 1:24:20]} 12. Rc1 {[%clk 1:27:35]}  Nd7 {[%clk 1:17:07]} 13. e3 {[%clk 1:27:20]}  a5 {[%clk 1:13:32]} 14. Na4 {[%clk 1:27:18]}  Qe7 {[%clk 1:08:16]} 15. Nc5 {[%clk 1:23:57]}  Nxc5 {[%clk 1:06:50]} 16. Rxc5 {[%clk 1:24:21]}  Qc7 {[%clk 1:05:51]} 17. Qa4 {[%clk 1:24:06]}  Be7 {[%clk 1:04:33]} 18. Rcc1 {[%clk 1:24:27]}  Qb6 {[%clk 1:03:36]} 19. Rc3 {[%clk 1:14:45]}  Qxb2 {[%clk 0:53:37]} 20. Qb3 {[%clk 1:10:38]}  Qxb3 {[%clk 0:53:45]} 21. Rxb3 {[%clk 1:10:59]}  Rfb8 {[%clk 0:52:13]} 22. Rc1 {[%clk 1:10:17]}  a4 {[%clk 0:50:42]} 23. Rb6 {[%clk 1:10:03]}  Bd8 {[%clk 0:50:12]} 24. Rb4 {[%clk 1:10:13]}  Kf8 {[%clk 0:38:38]} 25. Bf1 {[%clk 1:10:03]}  f6 {[%clk 0:35:21]} 26. Nh4 {[%clk 1:09:45]}  Bh7 {[%clk 0:34:21]} 27. Bh3 {[%clk 1:09:46]}  Ra6 {[%clk 0:33:06]} 28. Bf5 {[%clk 1:06:45]}  Bxf5 {[%clk 0:30:47]} 29. Nxf5 {[%clk 1:07:10]}  g6 {[%clk 0:29:21]} 30. Nh4 {[%clk 1:07:16]}  Kf7 {[%clk 0:29:42]} 31. Nf3 {[%clk 1:05:36]}  Be7 {[%clk 0:29:10]} 32. Rbb1 {[%clk 1:05:58]}  b5 {[%clk 0:28:56]} 33. Nd2 {[%clk 1:06:09]}  f5 {[%clk 0:25:13]} 34. Kf1 {[%clk 1:05:45]}  b4 {[%clk 0:25:12]} 35. Ke2 {[%clk 1:06:07]}  Rab6 {[%clk 0:24:50]} 36. Rc2 {[%clk 1:05:44]}  g5 {[%clk 0:23:48]} 37. Rbc1 {[%clk 1:03:56]}  Rc8 {[%clk 0:19:54]} 38. Rb1 {[%clk 1:02:34]}  Ke6 {[%clk 0:19:14]} 39. Kd3 {[%clk 1:02:04]}  g4 {[%clk 0:19:12]} 40. Rbb2 {[%clk 1:16:31]}  h5 {[%clk 0:30:11]} 41. Rb1 {[%clk 1:16:22]}  c5 {[%clk 0:28:37]} 42. dxc5 {[%clk 1:16:47]}  Rxc5 {[%clk 0:29:03]} 43. Rbb2 {[%clk 1:14:07]}  Rxc2 {[%clk 0:28:42]} 44. Rxc2 {[%clk 1:14:31]}  Ra6 {[%clk 0:26:24]} 45. Rc8 {[%clk 1:06:28]}  b3 {[%clk 0:23:55]} 46. Rc1 {[%clk 1:04:39]}  Bf6 {[%clk 0:23:49]} 0-1

[Event "Estonian Chess Championship 2024"]
[Site "Tallinn, Estonia"]
[Date "2024.12.17"]
[Round "16.2"]
[White "Narva, Mai"]
[Black "Obolonin, Filipp"]
[Result "1/2-1/2"]
[WhiteTitle "IM"]
[WhiteFideId "4500512"]
[BlackFideId "4505549"]
[WhiteElo "2413"]
[BlackElo "2009"]

1. e4 {[%clk 01:30:56]} {[%emt 00:00:03]} e5 {[%clk 01:30:11]} {[%emt
00:00:50]} 2. Nf3 {[%clk 01:31:04]} {[%emt 00:00:22]} Nc6 {[%clk 01:30:35]}
{[%emt 00:00:07]} 3. Bc4 {[%clk 01:29:52]} {[%emt 00:01:42]} Be7 {[%clk
01:28:55]} {[%emt 00:02:10]} 4. O-O {[%clk 01:23:18]} {[%emt 00:07:04]} Nf6
{[%clk 01:28:20]} {[%emt 00:01:04]} 5. d3 {[%clk 01:19:03]} {[%emt 00:04:45]}
O-O {[%clk 01:28:26]} {[%emt 00:00:24]} 6. h3 {[%clk 01:18:50]} {[%emt
00:00:43]} d6 {[%clk 01:27:47]} {[%emt 00:01:10]} 7. a4 {[%clk 01:18:32]}
{[%emt 00:00:48]} Na5 {[%clk 01:27:17]} {[%emt 00:01:01]} 8. Ba2 {[%clk
01:18:44]} {[%emt 00:00:18]} c5 {[%clk 01:27:37]} {[%emt 00:00:09]} 9. Bg5
{[%clk 01:17:08]} {[%emt 00:02:06]} Be6 {[%clk 01:27:23]} {[%emt 00:00:45]} 10.
Nc3 {[%clk 01:14:55]} {[%emt 00:02:43]} h6 {[%clk 01:25:41]} {[%emt 00:02:13]}
11. Bxf6 {[%clk 01:14:28]} {[%emt 00:00:56]} Bxf6 {[%clk 01:26:05]} {[%emt
00:00:06]} 12. Nd5 {[%clk 01:13:07]} {[%emt 00:01:52]} Nc6 {[%clk 01:26:08]}
{[%emt 00:00:27]} 13. Nd2 {[%clk 01:04:59]} {[%emt 00:08:37]} Bg5 {[%clk
01:23:24]} {[%emt 00:03:15]} 14. c3 {[%clk 01:04:29]} {[%emt 00:00:59]} Rb8
{[%clk 01:23:13]} {[%emt 00:00:41]} 15. Re1 {[%clk 01:02:59]} {[%emt 00:02:00]}
Bxd2 {[%clk 01:23:05]} {[%emt 00:00:39]} 16. Qxd2 {[%clk 01:03:24]} {[%emt
00:00:06]} Ne7 {[%clk 01:23:00]} {[%emt 00:00:35]} 17. Nxe7+ {[%clk 00:57:49]}
{[%emt 00:06:04]} Qxe7 {[%clk 01:23:11]} {[%emt 00:00:19]} 18. d4 {[%clk
00:58:01]} {[%emt 00:00:18]} Bxa2 {[%clk 01:22:39]} {[%emt 00:01:02]} 19. Rxa2
{[%clk 00:58:27]} {[%emt 00:00:04]} cxd4 {[%clk 01:21:15]} {[%emt 00:01:55]} 20.
cxd4 {[%clk 00:57:10]} {[%emt 00:01:46]} Rfc8 {[%clk 01:21:36]} {[%emt
00:00:08]} 21. b3 {[%clk 00:52:02]} {[%emt 00:05:38]} b5 {[%clk 01:20:10]}
{[%emt 00:01:57]} 22. dxe5 {[%clk 00:45:57]} {[%emt 00:06:34]} dxe5 {[%clk
01:20:23]} {[%emt 00:00:17]} 23. axb5 {[%clk 00:46:13]} {[%emt 00:00:15]} Rxb5
{[%clk 01:20:47]} {[%emt 00:00:06]} 24. Rea1 {[%clk 00:46:22]} {[%emt
00:00:21]} Rc7 {[%clk 01:18:37]} {[%emt 00:02:41]} 25. Qe3 {[%clk 00:45:57]}
{[%emt 00:00:54]} Qb4 {[%clk 01:17:18]} {[%emt 00:01:49]} 26. Rxa7 {[%clk
00:45:27]} {[%emt 00:01:00]} Rxa7 {[%clk 01:17:42]} {[%emt 00:00:06]} 27. Rxa7
{[%clk 00:45:35]} {[%emt 00:00:22]} Qxb3 {[%clk 01:18:00]} {[%emt 00:00:12]} 28.
Qxb3 {[%clk 00:45:36]} {[%emt 00:00:29]} Rxb3 {[%clk 01:18:24]} {[%emt
00:00:06]} 29. Ra8+ {[%clk 00:45:50]} {[%emt 00:00:16]} Kh7 {[%clk 01:18:47]}
{[%emt 00:00:07]} 30. Ra5 {[%clk 00:46:09]} {[%emt 00:00:10]} f6 {[%clk
01:19:11]} {[%emt 00:00:06]} 31. Ra7 {[%clk 00:45:57]} {[%emt 00:00:43]}
1/2-1/2

[Event "Open"]
[Site "Tallinn, EE"]
[Date "2024.12.18"]
[Round "4.1"]
[White "Narva, Mai"]
[Black "Volodin, Aleksandr"]
[Result "1/2-1/2"]
[Board "1"]
[TimeControl "40/5400+30"]
[WhiteFideId "4500512"]
[BlackFideId "4501950"]
[WhiteTitle "IM"]
[BlackTitle "GM"]
[WhiteElo "2413"]
[BlackElo "2466"]
[WhiteTeam "EST"]
[BlackTeam "EST"]
[WhiteClock "0:23:30"]
[BlackClock "0:16:06"]
[Variant "Standard"]

1. e4 {[%clk 1:30:56]}  c5 {[%clk 1:30:55]} 2. Nf3 {[%clk 1:31:21]}  d6 {[%clk 1:31:20]} 3. d4 {[%clk 1:31:45]}  cxd4 {[%clk 1:31:47]} 4. Nxd4 {[%clk 1:32:09]}  Nf6 {[%clk 1:32:10]} 5. Nc3 {[%clk 1:32:34]}  a6 {[%clk 1:32:37]} 6. h4 {[%clk 1:32:51]}  e5 {[%clk 1:28:58]} 7. Nb3 {[%clk 1:33:14]}  Be6 {[%clk 1:28:28]} 8. f4 {[%clk 1:33:23]}  exf4 {[%clk 1:27:34]} 9. Bxf4 {[%clk 1:33:44]}  Nc6 {[%clk 1:25:49]} 10. Qd2 {[%clk 1:33:50]}  d5 {[%clk 1:15:08]} 11. O-O-O {[%clk 1:34:03]}  Bb4 {[%clk 1:10:20]} 12. Bg5 {[%clk 1:34:09]}  dxe4 {[%clk 0:52:26]} 13. Qf2 {[%clk 1:33:16]}  Qe7 {[%clk 0:50:54]} 14. Bxf6 {[%clk 1:33:25]}  Qxf6 {[%clk 0:47:05]} 15. Qxf6 {[%clk 1:33:44]}  gxf6 {[%clk 0:47:31]} 16. Nxe4 {[%clk 1:34:06]}  Ke7 {[%clk 0:45:40]} 17. a3 {[%clk 1:33:29]}  f5 {[%clk 0:34:05]} 18. Nec5 {[%clk 1:29:02]}  Bxc5 {[%clk 0:34:31]} 19. Nxc5 {[%clk 1:29:26]}  Ra7 {[%clk 0:33:01]} 20. Rh3 {[%clk 1:18:18]}  Rd8 {[%clk 0:33:21]} 21. Rxd8 {[%clk 1:11:37]}  Nxd8 {[%clk 0:33:46]} 22. Rg3 {[%clk 1:10:07]}  Kf6 {[%clk 0:30:46]} 23. Rc3 {[%clk 1:09:01]}  Ra8 {[%clk 0:30:18]} 24. b4 {[%clk 1:04:37]}  Ke7 {[%clk 0:22:42]} 25. Be2 {[%clk 0:51:02]}  a5 {[%clk 0:20:57]} 26. Nxb7 {[%clk 0:48:13]}  axb4 {[%clk 0:19:44]} 27. Rc7+ {[%clk 0:44:59]}  Kf6 {[%clk 0:18:09]} 28. axb4 {[%clk 0:45:06]}  Nxb7 {[%clk 0:14:11]} 29. Rxb7 {[%clk 0:45:30]}  Bd5 {[%clk 0:14:39]} 30. Rb6+ {[%clk 0:44:56]}  Ke7 {[%clk 0:15:08]} 31. Rb5 {[%clk 0:40:43]}  Be4 {[%clk 0:14:30]} 32. Kd2 {[%clk 0:33:08]}  Rd8+ {[%clk 0:12:58]} 33. Bd3 {[%clk 0:33:01]}  Ke6 {[%clk 0:12:40]} 34. Ke3 {[%clk 0:32:48]}  Bxd3 {[%clk 0:12:46]} 35. cxd3 {[%clk 0:33:14]}  Rg8 {[%clk 0:13:11]} 36. Rb6+ {[%clk 0:32:08]}  Ke7 {[%clk 0:11:27]} 37. b5 {[%clk 0:19:01]}  Rxg2 {[%clk 0:11:17]} 38. Rc6 {[%clk 0:17:46]}  Rh2 {[%clk 0:05:59]} 39. b6 {[%clk 0:10:40]}  Rxh4 {[%clk 0:06:25]} 40. Rc4 {[%clk 0:25:21]}  Rxc4 {[%clk 0:19:29]} 41. dxc4 {[%clk 0:25:47]}  Kd7 {[%clk 0:19:55]} 42. Kf4 {[%clk 0:25:04]}  Kc6 {[%clk 0:17:29]} 43. c5 {[%clk 0:25:28]}  h5 {[%clk 0:17:56]} 44. Kg5 {[%clk 0:21:29]}  f4 {[%clk 0:17:47]} 45. Kxf4 {[%clk 0:21:54]}  f6 {[%clk 0:18:04]} 46. Kf5 {[%clk 0:22:14]}  Kb7 {[%clk 0:18:18]} 47. Ke6 {[%clk 0:21:34]}  h4 {[%clk 0:18:42]} 48. Kd6 {[%clk 0:21:18]}  h3 {[%clk 0:18:44]} 49. c6+ {[%clk 0:21:43]}  Kxb6 {[%clk 0:18:46]} 50. c7 {[%clk 0:22:06]}  h2 {[%clk 0:19:13]} 51. c8=Q {[%clk 0:22:30]}  h1=Q {[%clk 0:19:34]} 52. Qc5+ {[%clk 0:22:48]}  Ka6 {[%clk 0:17:11]} 53. Qc4+ {[%clk 0:23:08]}  Ka5 {[%clk 0:16:06]} 54. Qc3+ {[%clk 0:23:30]} 1/2-1/2

[Event "Open"]
[Site "Tallinn, EE"]
[Date "2024.12.19"]
[Round "4.2"]
[White "Volodin, Aleksandr"]
[Black "Narva, Mai"]
[Result "1/2-1/2"]
[Board "1"]
[TimeControl "40/5400+30"]
[WhiteFideId "4501950"]
[BlackFideId "4500512"]
[WhiteTitle "GM"]
[BlackTitle "IM"]
[WhiteElo "2466"]
[BlackElo "2413"]
[WhiteTeam "EST"]
[BlackTeam "EST"]
[WhiteClock "0:11:56"]
[BlackClock "0:16:03"]
[Variant "Standard"]

1. d4 {[%clk 1:30:52]}  Nf6 {[%clk 1:30:51]} 2. c4 {[%clk 1:31:17]}  g6 {[%clk 1:31:10]} 3. Nf3 {[%clk 1:31:37]}  Bg7 {[%clk 1:31:25]} 4. g3 {[%clk 1:31:57]}  O-O {[%clk 1:31:34]} 5. Bg2 {[%clk 1:32:24]}  c6 {[%clk 1:31:38]} 6. Nc3 {[%clk 1:28:26]}  d5 {[%clk 1:31:55]} 7. Qb3 {[%clk 1:27:54]}  dxc4 {[%clk 1:17:56]} 8. Qxc4 {[%clk 1:27:50]}  Bf5 {[%clk 1:17:49]} 9. O-O {[%clk 1:23:38]}  Nbd7 {[%clk 1:17:09]} 10. Bf4 {[%clk 1:15:22]}  h6 {[%clk 1:04:13]} 11. Rfd1 {[%clk 0:57:54]}  Bc2 {[%clk 0:54:07]} 12. Rdc1 {[%clk 0:56:55]}  Nb6 {[%clk 0:54:18]} 13. Qc5 {[%clk 0:56:10]}  Bf5 {[%clk 0:49:27]} 14. Qa3 {[%clk 0:33:37]}  Ne4 {[%clk 0:31:34]} 15. h4 {[%clk 0:22:54]}  Re8 {[%clk 0:30:56]} 16. Qb3 {[%clk 0:21:42]}  Rc8 {[%clk 0:17:24]} 17. Rd1 {[%clk 0:20:13]}  Be6 {[%clk 0:16:13]} 18. Qc2 {[%clk 0:20:20]}  Nxc3 {[%clk 0:16:24]} 19. bxc3 {[%clk 0:20:34]}  Nc4 {[%clk 0:15:52]} 20. Qc1 {[%clk 0:18:38]}  Kh7 {[%clk 0:15:22]} 21. Rb1 {[%clk 0:17:40]}  b5 {[%clk 0:12:25]} 22. Nd2 {[%clk 0:10:18]}  Nxd2 {[%clk 0:12:16]} 23. Qxd2 {[%clk 0:10:02]}  Qa5 {[%clk 0:11:36]} 24. Ra1 {[%clk 0:08:40]}  Bc4 {[%clk 0:11:15]} 25. Qc2 {[%clk 0:08:02]}  e5 {[%clk 0:10:16]} 26. dxe5 {[%clk 0:07:25]}  Bxe5 {[%clk 0:10:40]} 27. Bxe5 {[%clk 0:07:49]}  Rxe5 {[%clk 0:11:05]} 28. e3 {[%clk 0:08:09]}  Be6 {[%clk 0:09:57]} 29. a4 {[%clk 0:08:17]}  Qc7 {[%clk 0:09:15]} 30. Qb2 {[%clk 0:07:48]}  a5 {[%clk 0:08:16]} 31. Qa3 {[%clk 0:08:10]}  bxa4 {[%clk 0:07:19]} 32. Qxa4 {[%clk 0:08:32]}  Rc5 {[%clk 0:07:24]} 33. Qd4 {[%clk 0:08:32]}  Qe7 {[%clk 0:06:42]} 34. Qa4 {[%clk 0:03:55]}  Rb8 {[%clk 0:02:42]} 35. Rd4 {[%clk 0:04:23]}  Bb3 {[%clk 0:02:02]} 36. Qa3 {[%clk 0:04:53]}  Qe5 {[%clk 0:02:21]} 37. Rc1 {[%clk 0:03:30]}  a4 {[%clk 0:01:44]} 38. Bf3 {[%clk 0:03:24]}  h5 {[%clk 0:01:09]} 39. Bd1 {[%clk 0:03:48]}  Rd5 {[%clk 0:00:44]} 40. Bf3 {[%clk 0:17:04]}  Rc5 {[%clk 0:16:03]} 41. c4 {[%clk 0:11:56]} 1/2-1/2

[Event "Open"]
[Site "Tallinn, EE"]
[Date "2024.12.18"]
[Round "4.1"]
[White "Kanep, Meelis"]
[Black "Obolonin, Filipp"]
[Result "1-0"]
[Board "2"]
[TimeControl "40/5400+30"]
[WhiteFideId "4501047"]
[BlackFideId "4505549"]
[WhiteTitle "GM"]
[WhiteElo "2377"]
[BlackElo "2009"]
[WhiteTeam "EST"]
[BlackTeam "EST"]
[WhiteClock "0:17:47"]
[BlackClock "0:57:03"]
[Variant "Standard"]

1. d4 {[%clk 1:29:35]}  d5 {[%clk 1:30:55]} 2. c4 {[%clk 1:29:57]}  e6 {[%clk 1:31:22]} 3. Nc3 {[%clk 1:29:51]}  Nf6 {[%clk 1:31:45]} 4. Bg5 {[%clk 1:29:42]}  Be7 {[%clk 1:32:06]} 5. e3 {[%clk 1:29:54]}  c6 {[%clk 1:32:22]} 6. Nf3 {[%clk 1:29:43]}  Nbd7 {[%clk 1:32:45]} 7. Qc2 {[%clk 1:29:33]}  h6 {[%clk 1:33:04]} 8. Bf4 {[%clk 1:29:17]}  b6 {[%clk 1:31:17]} 9. cxd5 {[%clk 1:23:38]}  exd5 {[%clk 1:30:24]} 10. Bd3 {[%clk 1:21:47]}  Bb7 {[%clk 1:30:49]} 11. h3 {[%clk 1:17:19]}  O-O {[%clk 1:29:30]} 12. O-O {[%clk 1:14:16]}  Re8 {[%clk 1:20:52]} 13. Rad1 {[%clk 1:01:34]}  b5 {[%clk 1:17:10]} 14. Ne2 {[%clk 0:53:56]}  Qb6 {[%clk 1:14:59]} 15. Ne5 {[%clk 0:43:48]}  Nxe5 {[%clk 1:14:23]} 16. Bxe5 {[%clk 0:39:47]}  Nd7 {[%clk 1:14:22]} 17. Bg3 {[%clk 0:39:27]}  Rad8 {[%clk 1:12:36]} 18. Bf5 {[%clk 0:37:55]}  Nf8 {[%clk 1:12:47]} 19. Nc1 {[%clk 0:37:09]}  a5 {[%clk 1:11:54]} 20. Nd3 {[%clk 0:34:12]}  g6 {[%clk 1:09:19]} 21. Bg4 {[%clk 0:34:30]}  Kg7 {[%clk 1:07:18]} 22. Rc1 {[%clk 0:33:53]}  h5 {[%clk 1:07:37]} 23. Be2 {[%clk 0:33:58]}  Ne6 {[%clk 1:07:51]} 24. Rfd1 {[%clk 0:31:56]}  Rc8 {[%clk 1:08:15]} 25. Ne5 {[%clk 0:20:27]}  c5 {[%clk 1:01:32]} 26. Nd7 {[%clk 0:20:14]}  Qa7 {[%clk 1:01:11]} 27. dxc5 {[%clk 0:19:04]}  Nxc5 {[%clk 1:01:13]} 28. Be5+ {[%clk 0:18:13]}  f6 {[%clk 0:57:28]} 29. Bd4 {[%clk 0:18:12]}  Rc7 {[%clk 0:55:08]} 30. Nxc5 {[%clk 0:16:45]}  Bxc5 {[%clk 0:55:30]} 31. Bxc5 {[%clk 0:16:59]}  Rec8 {[%clk 0:55:49]} 32. Bxa7 {[%clk 0:16:58]}  Rxc2 {[%clk 0:56:14]} 33. Rxc2 {[%clk 0:17:15]}  Rxc2 {[%clk 0:56:40]} 34. Bxb5 {[%clk 0:17:27]}  Rxb2 {[%clk 0:57:03]} 35. a4 {[%clk 0:17:47]} 1-0